Palabras sin música: memorias
Enregistré dans:
| Auteur principal: | |
|---|---|
| Format: | Livre |
| Langue: | espagnol |
| Publié: |
Barcelona
Malpaso
2015
|
| Édition: | 1a. ed |
| Sujets: | |
| Tags: |
Ajouter un tag
Pas de tags, Soyez le premier à ajouter un tag!
|
MARC
| LEADER | 00000cam a2200000 a 4500 | ||
|---|---|---|---|
| 001 | UCD7344 | ||
| 003 | CL-VaPUC | ||
| 008 | 170317e20150000sp |||||||||||||||||spa|d | ||
| 020 | |a 9788416420346 | ||
| 082 | 0 | 4 | |a 780.904 |b GLA |2 21 |
| 100 | |a Glass, Philip |e author |9 613953 | ||
| 245 | 1 | 0 | |a Palabras sin música: memorias |
| 250 | |a 1a. ed | ||
| 300 | |a 495 p | ||
| 942 | |c BK | ||
| 945 | |d 20170317 22:16:00 |a arojas | ||
| 260 | |a Barcelona |b Malpaso |c 2015 | ||
| 650 | 7 | |a MINIMALISMO |2 CL-VaPUC |9 529693 | |
| 650 | 7 | |a COMPOSITORES ESTADOUNIDENSES |2 CL-VaPUC |9 591341 | |
| 650 | 7 | |a MEMORIAS |2 CL-VaPUC |9 269159 | |
| 583 | |a last modification |c 20170317 22:16:00 |k Rodrigo Vera | ||
| 999 | |c 367405 |d 367403 | ||
| 952 | |0 0 |1 0 |3 erd |4 0 |6 780_904000000000000_GLA_2015 |7 0 |8 A |9 482266 |a BIBART |b BIBART |i 5366046 |o 780.904 GLA 2015 |p 5366046 |r 2025-03-13 |w 2019-11-24 |y BK |z Catalogado en:20170317 |k ART | ||